000 01350nas a2200241 454500
001 4317
005 20260407193504.0
008 260407s2007####ag###########|||spa#d
003 AR-UNSa-BCEJYS
040 _aAR-UNSa-BCEJYS
_bspa
_cAR-UNSa-BCEJYS
080 _a343.359
_xDelitos contra el fisco y otras autoridades administrativas (Derecho Penal Tributario, Delitos fiscales)
245 1 0 _aDoctrina Penal Tributaria y Económica
264 1 _aBuenos Aires :
_bErrepar
_c2007
310 _aPeriodicidad: Irregular
505 _aObra que congrega una gran variedad de trabajos de opinión y jurisprudencia en la materia, a través de distintas secciones en las que se refleja la opinión de importantes autores y se da lugar a reseñas y comentarios de los fallos más destacados. Esta obra abarca temas como: • Evasión • Responsabilidad del profesional • Autoría y participación • Responsabilidad de los integrantes de las empresas • Asociación ilícita • Clausura • Agente encubierto • Decomiso • Contrabando • Derecho penal cambiario.
942 _cSER
590 _aniveau_biblio:s niveau_hierar:1
100 1 _aGómez, Teresa
650 _aDerecho Tributario
650 _aJURISPRUDENCIA
650 _aDOCTRINA
856 4 1 _uhttps://biblioeco.unsa.edu.ar/pmb/images/revistas/R22167.jpg
_yImagen de portada
_qimage/jpeg
999 _c8407
_d8407